|
|
|
|
| LEADER |
00000cam a22000004a 4500 |
| 001 |
musev2_86902 |
| 003 |
MdBmJHUP |
| 005 |
20230905052912.0 |
| 006 |
m o d |
| 007 |
cr||||||||nn|n |
| 008 |
190810s2016 mnu o 00 0 eng d |
| 020 |
|
|
|a 9780814648810
|
| 020 |
|
|
|z 0814648819
|
| 020 |
|
|
|z 9780814648568
|
| 020 |
|
|
|z 0814648568
|
| 040 |
|
|
|a MdBmJHUP
|c MdBmJHUP
|
| 100 |
1 |
|
|a Zimmerman, Joyce Ann.
|
| 245 |
1 |
4 |
|a The Ministry of the Assembly
|
| 264 |
|
1 |
|a Collegeville, MN :
|b Liturgical Press,
|c 2016.
|
| 264 |
|
3 |
|a Baltimore, Md. :
|b Project MUSE,
|c 0000
|
| 264 |
|
4 |
|c ©2016.
|
| 300 |
|
|
|a 1 online resource (80 pages).
|
| 336 |
|
|
|a text
|b txt
|2 rdacontent
|
| 337 |
|
|
|a computer
|b c
|2 rdamedia
|
| 338 |
|
|
|a online resource
|b cr
|2 rdacarrier
|
| 490 |
0 |
|
|a Collegeville Ministry Ser.
|
| 505 |
0 |
|
|a Intro; Contents; Introduction; 1 The Being of the Liturgical Assembly; 2 The Doing of the Liturgical Assembly; 3 The Why of the Liturgical Assembly; 4 The Place of the Liturgical Assembly; 5 A Spirituality of the Liturgical Assembly; Conclusion; Notes
|
| 588 |
|
|
|a Description based on print version record.
|
| 650 |
|
7 |
|a Liturgics
|2 fast
|0 (OCoLC)fst01000579
|
| 650 |
|
7 |
|a Lay ministry
|x Catholic Church
|2 fast
|0 (OCoLC)fst00994457
|
| 650 |
|
7 |
|a Laity
|x Catholic Church
|2 fast
|0 (OCoLC)fst00990819
|
| 650 |
|
7 |
|a Public worship
|x Catholic Church.
|2 fast
|0 (OCoLC)fst02030318
|
| 650 |
|
7 |
|a Religious gatherings
|x Catholic Church.
|2 fast
|0 (OCoLC)fst02030460
|
| 650 |
|
6 |
|a Culte public
|x Église catholique.
|
| 650 |
|
6 |
|a Assemblees religieuses
|x Église catholique.
|
| 650 |
|
0 |
|a Laity
|x Catholic Church.
|
| 650 |
|
0 |
|a Lay ministry
|x Catholic Church.
|
| 650 |
|
0 |
|a Public worship
|x Catholic Church.
|
| 650 |
|
0 |
|a Religious gatherings
|x Catholic Church.
|
| 610 |
2 |
7 |
|a Catholic Church
|2 fast
|0 (OCoLC)fst00531720
|
| 610 |
2 |
6 |
|a Église catholique
|x Liturgie.
|
| 610 |
2 |
0 |
|a Catholic Church
|x Liturgy.
|
| 655 |
|
7 |
|a Electronic books.
|2 local
|
| 710 |
2 |
|
|a Project Muse.
|e distributor
|
| 830 |
|
0 |
|a Book collections on Project MUSE.
|
| 856 |
4 |
0 |
|z Texto completo
|u https://projectmuse.uam.elogim.com/book/86902/
|
| 945 |
|
|
|a Project MUSE - Custom Collection
|